| 000 | 00958nam a2200241 a 4500 | ||
|---|---|---|---|
| 001 | 55768 | ||
| 003 | BD-RjUL | ||
| 005 | 20211209080318.0 | ||
| 008 | 161121s1996 ii ||||| |||| 00| 0 ben d | ||
| 020 |
_a817079 _c: IRs 130.00 |
||
| 035 | _a(BD-RjUL)55892 | ||
| 040 |
_aBD-RjUL _bben _cBD-RjUL |
||
| 041 | _aben | ||
| 082 |
_223 _a891.4408 _bCHG 1996 |
||
| 100 |
_aচট্রোপাধ্যায়, শক্তি _9166072 |
||
| 245 | 1 | 0 |
_aগদ্য সংগ্রহ / _cশক্তি চট্রোপাধ্যায় |
| 260 |
_aকলিকাতা : _bদে'জ পাবলিশিং, _c১৯৯৬ |
||
| 300 |
_a খণ্ড. : _bচিত্র ; _c২১ সেমি . |
||
| 505 | 0 | _aখণ্ড ১. নিরুপমের আখ্যান -- | |
| 650 |
_aবাংলা সাহিত্য _xসংগ্রহ _9122902 |
||
| 650 |
_aBengali Literature _xCollected Work _9148350 |
||
| 942 |
_2ddc _cBK |
||
| 999 |
_c55768 _d55768 |
||